01371nas a2200337 4500001001300000003000900013005001700022007000300039008003400042040005400076041000900130072000800139100001700147100002400164100001700188100002500205245016700230246014000397650001400537650001200551650001100563650002200574650001800596650000600614773009800620856008100718909004000799942001800839999001900857952015700876BR2013009477BR-BrBNA20231205123401.0ta230509b bl.|||p| |||| 00| 00por d aBR-BrBNAbporcBiblioteca Nacional de Agricultura a(Pt) aK501 aBelini, U.L.1 aTomazello Filho, M.1 aChagas, M.P.1 aOliveira, J.T. da S.1 aAlterações na estrutura anatômica da madeira de cavacos de eucalyptus grandis em três condições de desfibramento para a confecção de painéis MDF1 aChanges in the anatomical structure of Eucalyptus grandis wood chips in three conditions wood chip refining for production of mdf panel aEUCALIPTO aMADEIRA aCAVACO aPRODUTO FLORESTAL aPROCESSAMENTO a 0 tRevista Árvore (Brazil)xISSN 0100-6762 g(May-Jun 2008), v. 32(3) p. 523-532wBR20130094774 uhttp://www.scielo.br/pdf/rarv/v32n3/a13v32n3.pdfyRecurso eletrônico (PDF) a202311bLúciac55dLúcia Elande 2AGRISn0cANA c233605d233605 002AGRIS4071a41918b41918cPeriódicos Agrícolash(May-Jun 2008), v. 32(3) p. 523-532l0r2023-11-29t01yCRePortaria Interministerial nº 164/94